| 000 | 00687nam a22002297a 4500 | ||
|---|---|---|---|
| 999 |
_c20886 _d20886 |
||
| 003 | AR-CdUCM | ||
| 008 | 190402b ||||| |||| 00| 0 spa d | ||
| 040 |
_aMUNICIPALIDAD PROVINCIAL DEL CUSCO _cBIBLIOTECA MUNICIPAL DEL CUSCO |
||
| 082 |
_aEP / 372.64 / _bAN61 _21969. |
||
| 100 |
_aAngelino, Serafino _943589 |
||
| 245 | _aUnas alas como soles / | ||
| 260 |
_bValles, _aBarcelona : |
||
| 300 |
_bIlustraciones, _c34 cm. _a17 pƔginas ; |
||
| 505 | _aContenido : cuentos. | ||
| 650 |
_aLiteratura infantil _9588 |
||
| 650 |
_aCuento _94671 |
||
| 650 |
_aTexto _9816 |
||
| 650 |
_aDibujos _92628 |
||
| 700 |
_aBeaumont (ilustración) _943590 |
||
| 942 |
_2ddc _cLIBROS |
||
| 945 | _arcc | ||